000 00913nam a22002537a 4500
999 _c58808
_d58808
005 20221105194010.0
008 220915s2021 enk||||| |||| 00| 0 eng d
020 _a9780323624367 1
041 _aeng
080 _a616.314.6 T-76
100 _aTorabinejad, Mahmoud
_914605
245 _aEndodontics:
_bPrinciples and Practice
_cMahmoud Torabinejad, Ashraf Fouad, Shahrkh Shabahang.
250 _asixth edition
264 _aLondon :
_bElsevier,
_c2021.
300 _a507 p.:
_bill.;
_c28 cm.
653 _aენდოდონტია: პრინციპები და პრაქტიკა
653 _aსტომატოლოგია
653 _aმედიცინა
653 _aстоматология
653 _aэндодонтия
700 _aFouad, Ashraf
_eავტორი
_914606
700 _aShabahang, Shahrkh
_eავტორი
_914607
942 _2udc
_cBK